000 00328nam a22001217a 4500
040 _cNust
082 _a530
_bBEI
100 _aBreiser, Arthur
_9123347
245 _aConcepts Of Modern Physics
260 _aLahore:
_bNational Book Foundation Islamabad,
_c2007.
650 _aConcepts Of Modern Physics
_940034
942 _2ddc
_cBK
999 _c609569
_d609569